| 000 | 00454cam a2200169ua 4500 | ||
|---|---|---|---|
| 001 | 3866 | ||
| 008 | 111207n ii |||gr||||Z||||||asm | ||
| 040 | _cMAIN | ||
| 082 | _a891.4511 | ||
| 100 | 1 | _aBarua, Binanda Chandra, | |
| 245 | 1 | 1 |
_aDhani kabi Binanda Chandra Baruar kabita sankalan _cby Binanda Chandra Barua |
| 250 | _a1st. | ||
| 260 |
_aGuwahati: _bLawyers book stall,990. |
||
| 300 |
_axiv; 315p: _c23cm. |
||
| 653 | _aAssamese poem | ||
| 942 | _cBK | ||
| 999 |
_c3689 _d3689 |
||